Management Principles and Functions
Na minha lista:
| Autor principal: | |
|---|---|
| Outros Autores: | , |
| Formato: | Livro |
| Idioma: | inglês |
| Publicado em: |
Homewood
Irwin
1989
|
| Edição: | 4. ed. |
| Assuntos: | |
| Tags: |
Sem tags, seja o primeiro a adicionar uma tag!
|
MARC
| LEADER | 00000nam a2200000 4500 | ||
|---|---|---|---|
| 001 | c000326 | ||
| 005 | 20221215114119.4 | ||
| 020 | |a 0-256-06671-X | ||
| 041 | 0 | |a eng | |
| 044 | |a US | ||
| 245 | 1 | 0 | |a Management |b Principles and Functions |c John M. Ivancevich, James H. Donnelly, James L. Gibson |
| 250 | |a 4. ed. | ||
| 264 | 1 | |a Homewood |b Irwin |c 1989 | |
| 300 | |a 762 s. | ||
| 610 | 2 | 0 | |a manažment |
| 610 | 2 | 0 | |a funkcie riadenia |
| 610 | 2 | 0 | |a riadenie podnikové |
| 610 | 2 | 0 | |a pracovníci riadiaci |
| 610 | 2 | 0 | |a plánovanie podnikové |
| 610 | 2 | 0 | |a rozhodovanie podnikové |
| 610 | 2 | 0 | |a DSS |
| 610 | 2 | 0 | |a riadenie strategické |
| 610 | 2 | 0 | |a organizácia riadenia |
| 610 | 2 | 0 | |a vedenie |
| 610 | 2 | 0 | |a práca personálna |
| 610 | 2 | 0 | |a spoločnosti nadnárodné |
| 100 | 1 | |a Ivancevich, John M. | |
| 700 | 1 | |a Donnelly, James H. | |
| 700 | 1 | |a Gibson, James L. | |